Linear Programming: (Record no. 757840)

MARC details
000 -LEADER
fixed length control field 00385nam a22001457a 4500
020 ## - INTERNATIONAL STANDARD BOOK NUMBER
ISBN 9789360619411
082 ## - DEWEY DECIMAL CLASSIFICATION NUMBER
Classification number 519.92
Item number FRA.L
100 ## - MAIN ENTRY--AUTHOR NAME
Personal name Frank Robinson
245 ## - TITLE STATEMENT
Title Linear Programming:
Sub Title methods and applications
Statement of responsibility, etc Frank Robinson
260 ## - PUBLICATION, DISTRIBUTION, ETC. (IMPRINT)
Place of publication New Delhi
Name of publisher Pinakin
Year of publication 2026
300 ## - PHYSICAL DESCRIPTION
Number of Pages 270p.
650 ## - SUBJECT ADDED ENTRY--TOPICAL TERM
Topical Term Linear Programming
942 ## - ADDED ENTRY ELEMENTS (KOHA)
Source of classification or shelving scheme Dewey Decimal Classification
Koha item type Book
Holdings
Withdrawn status Lost status Source of classification or shelving scheme Damaged status Not for loan Home Library Current Location Date acquired Full call number Accession Number Price effective from Koha item type
    Dewey Decimal Classification     Dept. of Statistics Dept. of Statistics 18/03/2026 519.92 FRA.L STA10938 18/03/2026 Book